000 00354nam a2200145Ia 4500
008 090124s9999 xx 000 0 und d
082 _b300950
245 _a भुरळ
250 _a1
260 _bभारद्वाज मंदाकिनी
_c1983
300 _a187
630 _a भुरळ
730 _a भुरळ
942 _cBOOK
999 _c190504
_d190504